000 00580nam a2200193Ia 4500
005 20250508164832.0
008 008 250505s9999 xx 000 0 eng d
037 _aDissertations
040 _aFEDL
_beng
_cFEDL
041 _aeng
_2eng
084 _a375.5, SAT/DI
_qFEDL
100 _aSatish Kumar
245 0 _aCritical evaluation of science curriculum in relation to experiments at secondary level
260 _c2008
300 _a145p.
546 _aM. Phil Dissertation (Delhi University)
942 _cDIS
_h375.5, SAT/DI
999 _c1391486
_d1391486